000 00314nam a2200121Ia 4500
008 190216s9999||||xx |||||||||||||| ||und||
100 _aRaychoudhary S C
245 0 _aSocial Cultural And Economic History Of India
260 _bSurjeet Pubs.Delhi
_c1984
300 _a238
650 _aIndian History
942 _cBK
999 _c20951
_d20951